| 000 | 00612 a2200181 4500 | ||
|---|---|---|---|
| 020 | _a0722534752 | ||
| 020 | _a9780722534755 | ||
| 090 |
_c2809 _d2809 |
||
| 100 | 1 | _aDREHER, DIANE ELIZABETH. | |
| 245 | 1 | 4 |
_aThe tao of personal leadership / _cDIANE ELIZABETH DREHER. |
| 260 |
_a[S.l.] : _bTHORSONS, _c1997. |
||
| 300 |
_a304 p. ; _c22 cm. |
||
| 500 | _aImport. | ||
| 500 | _aPaperback. | ||
| 856 | 4 | 0 |
_3Amazon.com _uhttp://www.amazon.com/exec/obidos/ASIN/0722534752/chopaconline-20 |
| 856 | 4 | 0 |
_3Amazon customer reviews _uhttp://www.chopac.org/cgi-bin/tools/azrev.pl?q=0722534752 |
| 942 |
_aNBS _cBK _k303.34 DRE |
||
| 999 |
_c345299 _d345299 |
||